श्री स्वामी तनया (Record no. 1032006)

MARC details
000 -LEADER
fixed length control field 00633nam a2200181Ia 4500
008 - FIXED-LENGTH DATA ELEMENTS--GENERAL INFORMATION
fixed length control field 151018s9999 xx 000 0 und d
082 ## - DEWEY DECIMAL CLASSIFICATION NUMBER
Item number RBASDV32481
Classification number 110
100 ## - MAIN ENTRY--PERSONAL NAME
Personal name शकुंतला आगटे
245 ## - TITLE STATEMENT
Title श्री स्वामी तनया
250 ## - EDITION STATEMENT
Remainder of edition statement 3
260 ## - PUBLICATION, DISTRIBUTION, ETC. (IMPRINT)
Name of publisher, distributor, etc श्रीवामनराज प्रकाशन पुणे
Date of publication, distribution, etc 1999
300 ## - PHYSICAL DESCRIPTION
Extent 56
600 ## - SUBJECT ADDED ENTRY--PERSONAL NAME
Personal name शकुंतला आगटे
630 ## - SUBJECT ADDED ENTRY--UNIFORM TITLE
Uniform title श्री स्वामी तनया
700 ## - ADDED ENTRY--PERSONAL NAME
Personal name शकुंतला आगटे
730 ## - ADDED ENTRY--UNIFORM TITLE
Uniform title श्री स्वामी तनया
942 ## - ADDED ENTRY ELEMENTS (KOHA)
Koha item type Book
Holdings
Withdrawn status Lost status Damaged status Not for loan Home library Current library Date acquired Cost, normal purchase price Total Checkouts Full call number Barcode Date last seen Cost, replacement price Price effective from Koha item type
        R.B. Anant Shivaji Desai Vachanalaya and Granthalaya, Kudal R.B. Anant Shivaji Desai Vachanalaya and Granthalaya, Kudal 02/22/2009 21.00   RBASDV32481 RBASDV32481 10/18/2015 21.00 10/18/2015 Book